000 00872nam a2200229 a 4500
001 000004045
005 20250606121936.0
008 090716s2007 dr 001 0 spa d
020 _a9789945161397
040 _aDO-SdBNP
_bspa
_cBNPHU
082 _a327.729307294
_bM516h, 2007
100 1 _a Mejía-Ricart G., Tirso,
_d1936-2021
_q(Mejía-Ricart Guzmán)
_91569
245 1 0 _aHaití y la Nación Dominicana /
_cTirso Mejía Ricart.
250 _a2a ed.
260 _aSanto Domingo :
_bFundación Mejía Ricart-Guzmán Boom,
_c2007.
300 _a66 p. ;
_c22 cm.
651 4 _aRepública Dominicana
_xRelaciones Exteriores
_zHaití
_92233
651 4 _aHaití
_xRelaciones Exteriores
_zRepública Domnicana
_912079
651 4 _aRepublica Domnicana
_xHistoria
_912080
650 0 _aIdentidad nacional
_92163
650 4 _aIsla española (haití y república dominicana)
_912081
999 _c3864
_d3864